Η αποκάλυψη
Αποθηκεύτηκε σε:
| Κύριος συγγραφέας: | |
|---|---|
| Μορφή: | Βιβλίο |
| Γλώσσα: | Greek |
| Δημοσίευση: |
Αθήνα-Πεντέλη :
[χ.ό.],
1994-2001.
|
| Θέματα: | |
| Ετικέτες: |
Προσθήκη ετικέτας
Δεν υπάρχουν, Καταχωρήστε ετικέτα πρώτοι!
|
MARC
| LEADER | 00000cam a2200000 i 4500 | ||
|---|---|---|---|
| 001 | 1/8410 | ||
| 008 | 100614m19942001gr | ||| |||| ||gre|| | ||
| 020 | |a 9609155308 | ||
| 035 | |l 10108242 | ||
| 040 | |a GR-MyUa |b gre |e AACR2 | ||
| 041 | 0 | |a gre | |
| 082 | 7 | |a 230 |2 (22) | |
| 100 | 1 | |a Ψαρράκη-Γραμματά, Σοφία. | |
| 245 | 1 | 2 | |a Η αποκάλυψη / |c Σοφία Ψαρράκη-Γραμματά. |
| 260 | |a Αθήνα-Πεντέλη : |b [χ.ό.], |c 1994-2001. | ||
| 300 | |a 669 σ. ; |c 25 εκ. | ||
| 650 | 0 | 0 | |a Christianity |x Miscellanea. |
| 650 | 0 | 0 | |a God (Christianity) |
| 650 | 0 | 0 | |a Theology. |
| 650 | 0 | 0 | |a Religion |x Philosophy. |
| 852 | |a INST |b CHIOS |e 20100614 |h 230 ΨΑΡ |p 005200029614 |q 005200029614 |t BK |y 0 | ||
| 852 | |a INST |b SAMOS |e 20120426 |h 230 ΨΑΡ |p 005300033871 |q 005300033871 |t BK |y 0 | ||
| 901 | |a BIBL3-2012-1 | ||
| 901 | |a BIBL2-2010-2 | ||
| 909 | |a Σ |b 172227 | ||
| 909 | |a Χ |b 148039 | ||
| 970 | |a ΣΑΛΑΜΟΥΡΑ |b ΜΑΡΙΑ |z 2010/06/14 | ||